Stamp Catalogue: China Pt. 17 (Record no. 16)

000 -LEADER
fixed length control field 00410nam a22001697a 4500
003 - CONTROL NUMBER IDENTIFIER
control field OSt
008 - FIXED-LENGTH DATA ELEMENTS--GENERAL INFORMATION
fixed length control field 110505b xxu||||| |||| 00| 0 eng d
020 ## - INTERNATIONAL STANDARD BOOK NUMBER
International Standard Book Number 9780852592281
041 ## - LANGUAGE CODE
Language code of text/sound track or separate title eng
100 1# - MAIN ENTRY--PERSONAL NAME
Personal name Gibbons, Stanley
245 10 - TITLE STATEMENT
Title Stamp Catalogue: China Pt. 17
260 ## - PUBLICATION, DISTRIBUTION, ETC. (IMPRINT)
Place of publication, distribution, etc. US
Name of publisher, distributor, etc. Stanley Gibbons Limited
300 ## - PHYSICAL DESCRIPTION
Extent 288 pages
650 #0 - SUBJECT ADDED ENTRY--TOPICAL TERM
Topical term or geographic name as entry element Antiques & Collectibles
700 1# - ADDED ENTRY--PERSONAL NAME
Personal name Aggersberg, D.J.
942 ## - ADDED ENTRY ELEMENTS (KOHA)
Edition 4th
Holdings
Withdrawn status Lost status Materials specified (bound volume or other part) Damaged status Not for loan Permanent location Current location Date acquired Total Checkouts Barcode Date last seen Price effective from Koha item type
    Paperback     Northern Philatelic Library Northern Philatelic Library 05/05/2011   1000019 06/27/2015 06/27/2015 Books

Powered by Koha